Haikyuu!! L'équipe Karasuno - Statistiques

Statistiques générales
  • Ce quiz a été pris 293 fois
  • Le résultat moyen est 11 sur 15
Statistiques - réponses
Numéro Poste Année Joueur % Correct
N°10 Central 1ère année Shōyō Hinata
99%
N°9 Passeur 1ère année Tobio Kageyama
95%
N°4 Libéro 2ème année Yū Nishinoya
95%
N°11 Central 1ère année Kei Tsukishima
91%
N°1 Réceptionneur-attaquant / Capitaine 3ème année Daichi Sawamura
86%
N°3 Réceptionneur-attaquant (Ace) 3ème année Asahi Azumane
85%
N°5 Réceptionneur-attaquant 2ème année Ryūnosuke Tanaka
85%
N°2 Passeur 3ème année Kōshi Sugawara
79%
Coach Adulte Keishin Ukai
73%
N°12 Serveur remplaçant 1ère année Tadashi Yamaguchi
73%
Manager 3ème année Kiyoko Shimizu
57%
Manager 1ère année Hitoka Yachi
47%
N°6 Réceptionneur-attaquant 2ème année Chikara Ennoshita
46%
N°8 Réceptionneur-attaquant 2ème année Hisashi Kinoshita
30%
N°7 Central 2ème année Kazuhito Narita
29%
Aucun quiz correspondant
Distribution des résultats
% des personnes avec chaque résultat
Percentile par nombre de réponses
Votre historique - résultats
Vous n’avez pas pris ce quiz